000 01166nam a22003497a 4500
003 CHAP
005 20220329135551.0
008 971013s1985 r 00010 d
010 _a38633
011 _a39605
035 _a43726
040 _cCHAP
090 _aFolleto 10434
100 0 0 _aEspinoza, Nelson.
_938093
245 _aCultivo de tejidos
_b: micropropagación, conservación y exportación de germoplasma de papa
260 _aLima :
_bCentro Internacional de la Papa,
_c1985
300 _a17 p.
_b: ilus.
490 _aDocumento de tecnología especializada
_v; 1
590 _aBATCH-UPD
_b10
_c20130110
_lUCH01
_h1545
590 _aBATCH-UPD
_b10
_c20130410
_lUCH01
_h0945
590 _aBATCH-UPD
_b10
_c20130914
_lUCH01
_h1115
590 _aCONVERSION
_b10
_c20130109
_lUCH01
_h1321
650 1 4 _aCultivo de tejidos.
_930213
650 1 4 _aGermoplasma.
_947766
650 1 4 _aMicropropagación.
_975532
650 1 4 _aPapa
_xGenética.
_985240
650 1 4 _aPapa
_xPropagación.
_985279
830 0 _aDocumento de tecnología especializada
_v; 1
_933225
901 _aBK
942 _cFOLL
949 _aFolleto 10434
_bBC
_cFOLL
_d-100017
_eTS1
_i43726
_mD
_si
999 _c38633
_d38633